000 01151nam a22002537a 4500
003 NALT
005 20231013074420.0
008 s2548 th tha d
020 _a9749290674
040 _aNALT
041 _atha
050 _aHG 5750.55
_bต199น 2548
110 2 _aตลาดหลักทรัพย์แห่งประเทศไทย
_96985
245 1 0 _aแนวทางปฏิบัติสำหรับผู้ทำหน้าที่ติดต่อกับผู้ลงทุน /
_cตลาดหลักทรัพย์แห่งประเทศไทย.
250 _aพิมพ์ครั้งที่ 3.
260 _aกรุงเทพฯ :
_bตลาดหลักทรัพย์แห่งประเทศไทย,
_c2548
300 _a42 หน้า ;
_c21 ซม.
650 4 _aตราสารหนี้
_930119
650 0 0 _aหลักทรัพย์
_947561
650 0 _aการลงทุน
_94174
850 _aNALT
942 _cGB
_2lcc
999 _c48789
_d48789
998 _j
_kCRON CRON